banner koha

Metaloproteinases no tecido laminar do casco de equinos submetidos à obstrução intraluminal do cólon menor (Registro n. 300895)

MARC details
000 -LÍDER
fixed length control field 04025nab a2200421 i 4500
003 - CÓDIGO MARC DA AGÊNCIA CATALOGADORA
Campo de controle BR-BrBNA
005 - DATA E HORA DA ÚLTIMA ATUALIZAÇÃO
Campo de controle 20240815110618.0
008 - CAMPO DE TAMANHO FIXO
fixed length control field 240815b2018 bl.|r|pooa||| 00| 0 por |
040 ## - FONTE DA CATALOGAÇÃO
Agência catalogadora BR-BrBNA
Idioma da catalogação por
072 ## - CATEGORIA AGRIS
Código AGRIS L70
Código do objeto 5120
072 ## - CATEGORIA AGRIS
Código AGRIS L73
100 ## - ENTRADA PRINCIPAL - NOME PESSOAL
Nome pessoal Canello, V.A.
100 ## - ENTRADA PRINCIPAL - NOME PESSOAL
Nome pessoal Gravena, K.
100 ## - ENTRADA PRINCIPAL - NOME PESSOAL
Nome pessoal Tovar, M.C.H.
100 ## - ENTRADA PRINCIPAL - NOME PESSOAL
Nome pessoal Dias, D.P.M.
100 ## - ENTRADA PRINCIPAL - NOME PESSOAL
Nome pessoal Gomide, L.M.W.
100 ## - ENTRADA PRINCIPAL - NOME PESSOAL
Nome pessoal Bernardi, N.S.
100 ## - ENTRADA PRINCIPAL - NOME PESSOAL
Nome pessoal Sabes, A.F.
100 ## - ENTRADA PRINCIPAL - NOME PESSOAL
Nome pessoal Queiroz, D.J.
100 ## - ENTRADA PRINCIPAL - NOME PESSOAL
Nome pessoal Melo, G.D.
100 ## - ENTRADA PRINCIPAL - NOME PESSOAL
Nome pessoal Machado, G.F.
100 ## - ENTRADA PRINCIPAL - NOME PESSOAL
Nome pessoal Lacerda Neto, J.C.
245 ## - TÍTULO PRINCIPAL
Título principal Metaloproteinases no tecido laminar do casco de equinos submetidos à obstrução intraluminal do cólon menor
500 ## - NOTA GERAL
Nota geral <br/>Publicação online; 29 ref.; Summaries (En, Pt)
942 ## - ADDED ENTRY ELEMENTS (KOHA)
Koha item type
520 ## - NOTA DE RESUMO
Nota de conteúdo <br/><br/>RESUMO - O objetivo deste estudo foi avaliar a expressão das MMP-2 e MMP-9 no tecido laminar do casco e o perfil leucocitário de equinos submetidos à obstrução intraluminal do cólon menor. Realizaram-se laparotomia e obstrução do cólon menor de oito equinos hígidos, utilizando-se uma bola inserida no lúmem intestinal. A bola foi inflada à pressão de 80mmHg e a obstrução foi mantida por quatro horas. Foram realizadas coletas sanguíneas antes da obstrução (M0), imediatamente após a desobstrução (M4) e a cada 12 horas após M4, até completar 72 horas (M12, M24, M36, M48, M60 e M72). As biópsias de casco foram realizadas em M0, M4 e M72, e as amostras foram submetidas à análise zimográfica. Foi observado aumento nos leucócitos em M12 e M24, decorrente do aumento de neutrófilos segmentados e bastonetes, os quais diminuíram a partir de M36. Segundo a técnica zimográfica, não se observaram alterações nos valores de MMP-2 e -9, possivelmente devido à baixa intensidade das lesões ocasionadas no cólon menor. Com isso, conclui-se que as alterações inflamatórias decorrentes da obstrução do cólon menor não foram suficientes para ocasionar alterações na expressão das MMP-2 e -9 no tecido laminar podal.<br/><br/><br/>Palavras-chave: biópsia podal, cólica, laminite, matriz metaloproteinase
520 ## - NOTA DE RESUMO
Nota de conteúdo <br/><br/>ABSTRACT - The aim of this study was to evaluate the blood leukocytes and the MMP-2 and -9 expression in the hoof laminar tissue of horses undergoing intraluminal small colon obstruction. Laparotomy and the small colon obstruction was performed in eight healthy horses, inserting a ball in the intestinal lumen. The ball was inflated to 80 mmHg pressure and the occlusion was maintained for 4 hours. The blood was collectedBlood samples were taken before the obstruction (M0), immediately after intestinal clearance (M4), and every 12 hours until completeuntil 72 hours (M12, M24, M36, M48, M60 and M72). The hoof biopsies were performed at M0, M4, and M72 and the samples were subjected to zymography analysis. There was an increase in leukocytes in M12 and M24, due to the increase in segmented neutrophils and band neutrophils, which decreased as of M36. According to zymography technique not observed changes were not not observed in MMP-2 and -9, possibly due to the low intensity of the small colon lesions. Wherefore, it is concludedIn conclusion, that the inflammatory changes resulting from small colon obstruction were not enough to cause changes in the expression of MMP-2 and -9 in the hoof laminar tissue.<br/><br/><br/>Keywords: hoof biopsy, colic, laminitis, matrix metalloproteinases
650 ## - ASSUNTO - THESAGRO
Cabeçalho tópico ou nome geográfico CAVALO
650 ## - ASSUNTO - THESAGRO
Cabeçalho tópico ou nome geográfico DOENÇA ANIMAL
650 ## - ASSUNTO - THESAGRO
Cabeçalho tópico ou nome geográfico LAMINITE
650 ## - ASSUNTO - THESAGRO
Cabeçalho tópico ou nome geográfico LESÃO
650 ## - ASSUNTO - THESAGRO
Cabeçalho tópico ou nome geográfico CASCO
650 ## - ASSUNTO - THESAGRO
Cabeçalho tópico ou nome geográfico CÓLICA
650 ## - ASSUNTO - THESAGRO
Cabeçalho tópico ou nome geográfico VETERINÁRIA
773 0# - ENTRADA ANALÍTICA
Host Biblionumber 1643
Registro do item 317174
Imprenta Belo Horizonte-MG Universidade Federal de Minas Gerais - Escola de Veterinaria 1983
Outro identificador 2024-3790
Título Arquivo Brasileiro de Medicina Veterinária e Zootecnia (Brazil)
ISSN 0102-0935
Colação v. 70(1) p. 45-52; (2028)
Número de controle de registro BR20242271
856 ## - ACESSO E ENDEREÇO ELETRÔNICO
Identificador uniforme de recurso - URI https://www.scielo.br/j/abmvz/a/fG7MBTFDKCKK8kXPQxqbLbn/?format=pdf&lang=pt

Nenhum exemplar disponível.

BINAGRI

Telefone: (61)3218-2567/2388/3357/2097 - binagri@agro.gov.br

Ministério da Agricultura e Pecuária , Esplanada dos Ministérios, Bloco D, Anexo B, Brasília/DF, CEP: 70.043-900